000 01265nam a22002417a 4500
005 20240227163914.0
008 240227b |||||||| |||| 00| 0 eng d
020 _a9789584288608
037 _3Donación
040 _aCO-JMCR
_cCO-JMCR
_dCO-JMCR
_erda
041 _aspa
082 _aA-N
_bROSp
100 _aRosero, Evelio
_eautor
_943492
245 _aPlutón /
_cEvelio Rosero
260 _aBogotá:
_bPlaneta,
_c2021
300 _a373 páginas;
_c21 cm.
500 _aIncluye índice
520 _aElla es periodista. Él fotógrafo. Lorena y Miguel son una típica pareja de clase media en la Bogotá de finales de los años setenta seducidos por el poder del dinero y el arribismo que promete un ascenso social. Plutón, su gato negro, los mira desde alguna parte y es testigo de esta novela que representó el abordaje de Evelio Rosero al mundo o al aura que ha dejado el narcotráfico en Colombia. La radio, las agencias de publicidad, la vanidad, el dinero, la política y los militares desfilan por esta poderosa novela que ha sido reeditada y revisada por su autor para esta edición.
650 _2JMCR
_aPeriodismo
_xLiteratura
_943493
650 _2JMCR
_aNarcotrafico
_xNovela
_943494
650 _2JMCR
_aNovela Colombiana
942 _2ddc
_cBK
999 _c30689
_d17073